[Event "Wch Seniors 65 28th"]
[Site "Bled"]
[Date "2018.11.29"]
[Round "11"]
[White "Shaw, Robin A"]
[Black "Ostrowski, Michal"]
[Result "1/2-1/2"]
[WhiteElo "1673"]
[BlackElo "1187"]
[PlyCount "92"]
[EventDate "2018.11.18"]
[EventType "swiss"]
[EventRounds "11"]
[EventCountry "SLO"]
[SourceTitle "EXT 2020"]
[Source "ChessBase"]
[SourceDate "2019.10.17"]
[SourceVersion "1"]
[SourceVersionDate "2019.10.17"]
[SourceQuality "1"]

1. c4 g6 2. Nc3 d6 3. e4 Bg7 4. d4 c6 5. Nf3 Nd7 6. Be3 Ngf6 7. Be2 0-0 8. Qd2 Ng4 9. Bg5 f6 10. Be3 Nxe3 11. Qxe3 e5 12. d5 c5 13. a4 a6 14. 0-0 Rf7 15. Rab1 Qf8 16. h3 Bh6 17. Qd3 f5 18. Nh2 f4 19. Ng4 Bg5 20. Nh2 Nf6 21. Ng4 Nh5 22. Bf3 Ng7 23. b4 h5 24. Nh2 b6 25. bxc5 bxc5 26. a5 Bd8 27. Ra1 Rb7 28. Rfb1 Rxb1+ 29. Qxb1 Bc7 30. Na4 Rb8 31. Nb6 Qd8 32. Ra2 Bxb6 33. Rb2 Qc7 34. Rxb6 Rxb6 35. axb6 Qb7 36. Bd1 Bd7 37. Nf3 Ne8 38. Nd2 a5 39. Qb3 Nf6 40. f3 a4 41. Qb2 a3 42. Qxa3 Qxb6 43. Qb3 Qa5 44. Qb2 Kf7 45. Kf2 h4 46. Ke1 Ke7 1/2-1/2

[Event "Wch Seniors 65 28th"]
[Site "Bled"]
[Date "2018.11.23"]
[Round "6"]
[White "Kerr, Grant"]
[Black "Shaw, Robin A"]
[Result "1/2-1/2"]
[WhiteElo "1850"]
[BlackElo "1673"]
[PlyCount "44"]
[EventDate "2018.11.18"]
[EventType "swiss"]
[EventRounds "11"]
[EventCountry "SLO"]
[SourceTitle "CBM 187 Extra"]
[Source "ChessBase"]
[SourceDate "2018.11.04"]
[SourceVersion "1"]
[SourceVersionDate "2018.11.04"]
[SourceQuality "1"]

1. b3 Nf6 2. Bb2 e6 3. e3 d5 4. f4 c5 5. Nf3 a6 6. a4 Nc6 7. Be2 d4 8. 0-0 dxe3 9. dxe3 Qxd1 10. Bxd1 Nd5 11. Re1 f6 12. Nbd2 Rb8 13. a5 b5 14. axb6 Nxb6 15. Be2 Be7 16. Nc4 Nb4 17. Nxb6 Rxb6 18. Rac1 Nd5 19. Bc4 0-0 20. g3 Bb7 21. e4 Nc7 22. Bc3 Nb5 1/2-1/2

[Event "Reykjavik op"]
[Site "Reykjavik"]
[Date "2018.03.10"]
[Round "5"]
[White "Shaw, Robin A"]
[Black "Ragnarsson, Johann Hjortur"]
[Result "1/2-1/2"]
[WhiteElo "1770"]
[BlackElo "1985"]
[PlyCount "64"]
[EventDate "2018.03.06"]
[EventType "swiss"]
[EventRounds "9"]
[EventCountry "ISL"]
[SourceTitle "CBM 183 Extra"]
[Source "ChessBase"]
[SourceDate "2018.04.19"]
[SourceVersion "1"]
[SourceVersionDate "2018.04.19"]
[SourceQuality "1"]

1. e4 d5 2. d4 dxe4 3. Nc3 Bf5 4. f3 Nf6 5. g4 Bg6 6. h4 exf3 7. Qxf3 Qd6 8. Be3 Qe6 9. 0-0-0 Be4 10. Nxe4 Qxe4 11. Qxe4 Nxe4 12. Ne2 Nd7 13. Bg2 Nd6 14. Bf4 0-0-0 15. Rhf1 f6 16. d5 g6 17. Nd4 h5 18. g5 f5 19. Ne6 Re8 20. Rfe1 Rg8 21. c4 b6 22. b4 Nxc4 23. Nxc7 Bg7 24. Nxe8 Rxe8 25. Re6 Nce5 26. d6 Kd8 27. dxe7+ Rxe7 28. Rxe7 Kxe7 29. Re1 Kd8 30. Rd1 Ke7 31. Re1 Kd8 32. Rd1 Ke7 1/2-1/2

[Event "Reykjavik op"]
[Site "Reykjavik"]
[Date "2018.03.07"]
[Round "2"]
[White "Shaw, Robin A"]
[Black "Gudmundsson, Gunnar Erik"]
[Result "1-0"]
[WhiteElo "1770"]
[BlackElo "1511"]
[PlyCount "126"]
[EventDate "2018.03.06"]
[EventType "swiss"]
[EventRounds "9"]
[EventCountry "ISL"]
[SourceTitle "CBM 183 Extra"]
[Source "ChessBase"]
[SourceDate "2018.04.19"]
[SourceVersion "1"]
[SourceVersionDate "2018.04.19"]
[SourceQuality "1"]

1. c4 e5 2. Nc3 Nf6 3. e4 c6 4. Nf3 Qc7 5. d4 d6 6. d5 Be7 7. h3 Nbd7 8. Be3 0-0 9. Be2 b6 10. dxc6 Qxc6 11. Nd5 Bd8 12. Nd2 Bb7 13. Rc1 Nc5 14. Qc2 Rc8 15. b4 Ne6 16. Nb3 Nc7 17. Qb1 Qe8 18. 0-0 b5 19. Nxf6+ Bxf6 20. c5 d5 21. exd5 Bxd5 22. Rfd1 Bc6 23. Bg4 Rd8 24. Rxd8 Bxd8 25. Rd1 Nd5 26. Bd2 h6 27. Re1 Bf6 28. Bf3 Qa8 29. Na5 Ne7 30. Nxc6 Nxc6 31. Qe4 Rc8 32. Bc3 Qb8 33. Bg4 Rc7 34. Rd1 Qe8 35. a3 a6 36. Rd6 Be7 37. Rd1 Bf6 38. Rd6 Be7 39. Rd5 Bf6 40. Rd1 Kh8 41. Bf3 Kg8 42. Rd6 Nb8 43. Qa8 Kf8 44. Qe4 Kg8 45. Qa8 Kf8 46. Bg4 h5 47. Bxh5 Rc8 48. Qe4 Kg8 49. Bf3 a5 50. Be2 axb4 51. axb4 Rc7 52. Rb6 Nd7 53. Rxb5 Ra7 54. c6 Nb8 55. Bd4 Rc7 56. Rb7 Rxc6 57. Bc5 Rc8 58. Kh2 Rd8 59. Bh5 Nd7 60. Qf5 Nxc5 61. bxc5 Qf8 62. c6 Qc5 63. c7 Rc8 1-0

[Event "NZL-ch op 124th"]
[Site "Wellington"]
[Date "2017.01.05"]
[Round "5"]
[White "Shaw, Robin A"]
[Black "Forster, William"]
[Result "1/2-1/2"]
[WhiteElo "1778"]
[BlackElo "1963"]
[PlyCount "74"]
[EventDate "2017.01.01"]
[EventType "swiss"]
[EventRounds "9"]
[EventCountry "NZL"]
[SourceTitle "CBM 176 Extra"]
[Source "ChessBase"]
[SourceDate "2017.03.02"]
[SourceVersion "1"]
[SourceVersionDate "2017.03.02"]
[SourceQuality "1"]

1. c4 Nf6 2. Nc3 c6 3. e4 d6 4. d4 g6 5. f4 Qa5 6. Bd2 Bg7 7. e5 dxe5 8. fxe5 Ng4 9. Be2 h5 10. Nf3 Qb6 11. c5 Qc7 12. Bf4 Bf5 13. h3 Nh6 14. Qd2 e6 15. Ng5 Nd7 16. Nge4 Bxe4 17. Nxe4 Nf5 18. 0-0-0 0-0-0 19. Nd6+ Nxd6 20. exd6 Qb8 21. Kb1 b5 22. Qa5 e5 23. Bxb5 cxb5 24. c6 Qb6 25. cxd7+ Kb7 26. Qxb6+ Kxb6 27. Bxe5 f6 28. Bh2 Rxd7 29. Rc1 Rhd8 30. d5 Bf8 31. Rhe1 Bxd6 32. Re6 Kb7 33. Bxd6 Rxd6 34. Rxd6 Rxd6 35. Rc5 b4 36. Rb5+ Rb6 37. Rc5 Rd6 1/2-1/2

[Event "Budapest FS07 FM-A"]
[Site "Budapest"]
[Date "2015.07.06"]
[Round "3"]
[White "Shaw, Robin A"]
[Black "Modi, Jaishil Bhadrashil"]
[Result "1/2-1/2"]
[WhiteElo "1823"]
[BlackElo "1867"]
[PlyCount "54"]
[EventDate "2015.07.04"]
[EventType "tourn"]
[EventRounds "9"]
[EventCountry "HUN"]
[SourceTitle "CBM 167 Extra"]
[Source "ChessBase"]
[SourceDate "2015.09.14"]
[SourceVersion "1"]
[SourceVersionDate "2015.09.14"]
[SourceQuality "1"]

1. c4 Nf6 2. Nc3 c5 3. g3 g6 4. Bg2 Bg7 5. d3 Nc6 6. Bg5 d6 7. Nf3 Be6 8. e4 Qd7 9. Nd5 h6 10. Bd2 Nd4 11. Nxd4 cxd4 12. Nf4 0-0 13. 0-0 Kh7 14. Rc1 Rab8 15. h3 b5 16. Nxe6 Qxe6 17. b3 Nd7 18. f4 f5 19. Kh2 Nc5 20. Bb4 fxe4 21. Bxc5 dxc5 22. Bxe4 b4 23. Qf3 Qf6 24. h4 Kh8 25. Qg4 Rb6 26. Kg2 Ra6 27. Qe2 e5 1/2-1/2

[Event "NZL-ch op 122nd"]
[Site "Auckland"]
[Date "2015.01.08"]
[Round "8"]
[White "Shaw, Robin A"]
[Black "Jackson, L Ross"]
[Result "1-0"]
[WhiteElo "1813"]
[BlackElo "1977"]
[PlyCount "35"]
[EventDate "2015.01.01"]
[EventType "swiss"]
[EventRounds "9"]
[EventCountry "NZL"]
[SourceTitle "CBM 164 Extra"]
[Source "ChessBase"]
[SourceDate "2015.03.02"]
[SourceVersion "1"]
[SourceVersionDate "2015.03.02"]
[SourceQuality "1"]

1. e4 c5 2. d4 cxd4 3. c3 dxc3 4. Nxc3 d6 5. Bc4 e6 6. Qe2 Nc6 7. Nf3 a6 8. 0-0 Nf6 9. Rd1 Qe7 10. e5 Nxe5 11. Nxe5 dxe5 12. Qxe5 Nd7 13. Qe2 b5 14. Bd3 Bb7 15. Nxb5 axb5 16. Bxb5 Bd5 17. Be3 f5 18. Bg5 1-0

[Event "NZL-ch op 122nd"]
[Site "Auckland"]
[Date "2015.01.03"]
[Round "3"]
[White "Shaw, Robin A"]
[Black "Carpinter, Bernard Alan"]
[Result "0-1"]
[WhiteElo "1813"]
[BlackElo "1873"]
[PlyCount "51"]
[EventDate "2015.01.01"]
[EventType "swiss"]
[EventRounds "9"]
[EventCountry "NZL"]
[SourceTitle "CBM 164 Extra"]
[Source "ChessBase"]
[SourceDate "2015.03.02"]
[SourceVersion "1"]
[SourceVersionDate "2015.03.02"]
[SourceQuality "1"]

1. e4 e5 2. Nf3 Nc6 3. d4 exd4 4. Bc4 Nf6 5. Ng5 d5 6. exd5 Na5 7. Bb5+ c6 8. dxc6 bxc6 9. Qe2+ Be7 10. Bd3 0-0 11. 0-0 Re8 12. Bd2 Bd6 13. Bxa5 Qxa5 14. Qd2 Qc7 15. h3 Bf4 16. Qb4 Bxg5 17. Qxd4 Bf4 18. Nc3 Be5 19. Qh4 Bxc3 20. bxc3 h6 21. g4 Qf4 22. Rae1 Bb7 23. Rb1 Re7 24. Rfe1 Rae8 25. Rxe7 Rxe7 26. Rb4 0-1

[Event "Perth Metro Club-ch"]
[Site "Perth"]
[Date "2012.03.15"]
[Round "5"]
[White "Viswanath, Ganesh"]
[Black "Shaw, Robin A"]
[Result "1-0"]
[WhiteElo "1991"]
[BlackElo "1762"]
[PlyCount "101"]
[EventDate "2012.02.09"]
[EventType "tourn"]
[EventRounds "9"]
[EventCountry "AUS"]
[SourceTitle "EXT 2013"]
[Source "ChessBase"]
[SourceDate "2012.11.22"]
[SourceVersion "1"]
[SourceVersionDate "2012.11.22"]
[SourceQuality "1"]

1. d4 d6 2. Nf3 f5 3. c4 Nf6 4. Nc3 g6 5. g3 Bg7 6. Bg2 c6 7. 0-0 Qc7 8. d5 e5 9. dxe6 Bxe6 10. b3 0-0 11. Bf4 Rd8 12. Rc1 Nh5 13. Bg5 Rd7 14. Nd4 Bf7 15. e4 Qb6 16. Be3 c5 17. Nde2 Nc6 18. exf5 gxf5 19. Nd5 Qd8 20. Bh3 Bg6 21. Qd2 Ne5 22. Bg2 Nf7 23. a3 Rb8 24. b4 b6 25. Rfd1 Kh8 26. Ndf4 Nf6 27. Nc3 Ng4 28. Bc6 Nfe5 29. Bd5 Qf6 30. h3 Nxe3 31. fxe3 Re8 32. Qf2 Rde7 33. Bg2 Qf7 34. Ncd5 Rd7 35. b5 Rb8 36. a4 Qe8 37. a5 Qf7 38. axb6 axb6 39. Rd2 Ra7 40. Ra2 Rba8 41. Rxa7 Qxa7 42. Nxb6 Qa3 43. Qd2 Rb8 44. Nbd5 Qb3 45. Qc2 Qa3 46. b6 Be8 47. Rb1 Bg6 48. b7 Qa6 49. Nc7 Qxc4 50. Qxc4 Nxc4 51. Na6 1-0

[Event "Perth Metro Club-ch"]
[Site "Perth"]
[Date "2012.02.09"]
[Round "1"]
[White "Fedec, John"]
[Black "Shaw, Robin A"]
[Result "1-0"]
[WhiteElo "1877"]
[BlackElo "1762"]
[PlyCount "79"]
[EventDate "2012.02.09"]
[EventType "tourn"]
[EventRounds "9"]
[EventCountry "AUS"]
[SourceTitle "EXT 2013"]
[Source "ChessBase"]
[SourceDate "2012.11.22"]
[SourceVersion "1"]
[SourceVersionDate "2012.11.22"]
[SourceQuality "1"]

1. e4 c5 2. Nf3 e6 3. d4 cxd4 4. Nxd4 Bc5 5. Nb3 Bb6 6. Nc3 a6 7. Bf4 Ne7 8. Bd6 0-0 9. Qh5 f5 10. e5 Nbc6 11. Bd3 Rf7 12. f4 Ng6 13. g3 Ba7 14. a4 b6 15. Rf1 Bb7 16. Qe2 Bb8 17. Bxb8 Qxb8 18. Bc4 Qc7 19. 0-0-0 Nb4 20. Rd4 Rc8 21. Bxe6 dxe6 22. Rxb4 Rd7 23. Rd1 Rxd1+ 24. Qxd1 Ne7 25. Qd6 Nd5 26. Qxc7 Rxc7 27. Nxd5 Bxd5 28. Rxb6 Kf7 29. Nd2 Bb7 30. c4 Ke7 31. b4 Bd5 32. Kb2 Bb7 33. Rd6 Bc6 34. b5 axb5 35. axb5 Bd7 36. Kb3 Rb7 37. Kb4 Rb8 38. Nb3 Bc8 39. c5 Bd7 40. c6 1-0

[Event "Oceania zt"]
[Site "Rotorua"]
[Date "2011.01.28"]
[Round "6"]
[White "Dolejs, Dan E"]
[Black "Shaw, Robin A"]
[Result "1/2-1/2"]
[WhiteElo "1892"]
[BlackElo "1903"]
[PlyCount "110"]
[EventDate "2011.01.25"]
[EventType "swiss"]
[EventRounds "9"]
[EventCountry "NZL"]
[SourceTitle "CBM 140 Extra"]
[Source "ChessBase"]
[SourceDate "2011.03.01"]
[SourceVersion "1"]
[SourceVersionDate "2011.03.01"]
[SourceQuality "1"]

1. e4 g6 2. Nf3 Bg7 3. Bc4 e6 4. d4 d5 5. exd5 exd5 6. Bb3 Qe7+ 7. Be3 Nf6 8. 0-0 0-0 9. Re1 Qd6 10. Nbd2 Bg4 11. h3 Be6 12. c4 c6 13. c5 Qc7 14. Ne5 Nbd7 15. Ndf3 Nh5 16. g4 Nhf6 17. Bf4 Nxe5 18. Nxe5 Qc8 19. Bh2 Nd7 20. Qe2 Re8 21. Nxd7 Qxd7 22. Qd3 Bxg4 23. hxg4 Qxg4+ 24. Qg3 Qxg3+ 25. Bxg3 Bxd4 26. Rxe8+ Rxe8 27. Rc1 Bxb2 28. Rc2 Bd4 29. Kg2 h5 30. Bd6 Re4 31. f3 Re6 32. Rd2 Bg7 33. Bb8 a6 34. Ba7 Bf8 35. Rb2 Bg7 36. Rb1 Re7 37. a4 Re2+ 38. Kf1 Re7 39. Bb6 Re3 40. Bd1 Re7 41. Bd8 Rd7 42. Bb6 Kf8 43. Kg2 Ke8 44. Kg3 Re7 45. Bb3 Kd7 46. Bc2 Kc8 47. Bd3 Re3 48. Bf1 f5 49. Kf4 Bh6+ 50. Kg3 g5 51. Kf2 g4 52. Bg2 h4 53. fxg4 fxg4 54. Rb4 Rg3 55. Rxg4 Rxg4 1/2-1/2

[Event "Oceania zt"]
[Site "Rotorua"]
[Date "2011.01.26"]
[Round "3"]
[White "Bennett, Matthew"]
[Black "Shaw, Robin A"]
[Result "1/2-1/2"]
[WhiteElo "1650"]
[BlackElo "1903"]
[PlyCount "28"]
[EventDate "2011.01.25"]
[EventType "swiss"]
[EventRounds "9"]
[EventCountry "NZL"]
[SourceTitle "CBM 140 Extra"]
[Source "ChessBase"]
[SourceDate "2011.03.01"]
[SourceVersion "1"]
[SourceVersionDate "2011.03.01"]
[SourceQuality "1"]

1. d4 f5 2. g3 Nf6 3. Bg2 e6 4. c4 d5 5. Nf3 Be7 6. 0-0 0-0 7. b3 Ne4 8. Qc2 Nd7 9. Ba3 Bxa3 10. Nxa3 c6 11. Qb2 Qf6 12. Ne5 Qh6 13. Bxe4 fxe4 14. Nc2 Nxe5 1/2-1/2

[Event "Sydney op"]
[Site "Parramatta"]
[Date "2010.04.10"]
[Round "7"]
[White "Shaw, Robin A"]
[Black "Chowdhury, Sohel"]
[Result "1-0"]
[WhiteElo "1879"]
[BlackElo "2194"]
[PlyCount "67"]
[EventDate "2010.04.07"]
[EventType "swiss"]
[EventRounds "9"]
[EventCountry "AUS"]
[SourceTitle "CBM 135 Extra"]
[Source "ChessBase"]
[SourceDate "2010.05.04"]
[SourceVersion "1"]
[SourceVersionDate "2010.05.04"]
[SourceQuality "1"]

1. e4 c5 2. d4 cxd4 3. c3 dxc3 4. Nxc3 a6 5. Bc4 e6 6. Nf3 Qc7 7. Qe2 Nc6 8. a4 d6 9. Bf4 Nf6 10. 0-0 Be7 11. Rfd1 e5 12. Be3 0-0 13. h3 h6 14. Rac1 Be6 15. Nd5 Qd8 16. Nb6 Bxc4 17. Nxc4 Qc7 18. Bb6 Qd7 19. Bc5 Ne8 20. Nb6 Qd8 21. Nxa8 Qxa8 22. Ba3 Qd8 23. b4 Qb6 24. b5 axb5 25. axb5 Nd4 26. Nxd4 exd4 27. Qc4 Bg5 28. Rc2 Bf6 29. Bb2 d5 30. Qxd5 Nd6 31. e5 Nxb5 32. exf6 Rd8 33. Qc5 Qa5 34. Ra1 1-0

[Event "Sydney op"]
[Site "Parramatta"]
[Date "2010.04.10"]
[Round "8"]
[White "Solomon, Stephen J"]
[Black "Shaw, Robin A"]
[Result "1-0"]
[WhiteElo "2426"]
[BlackElo "1879"]
[PlyCount "59"]
[EventDate "2010.04.07"]
[EventType "swiss"]
[EventRounds "9"]
[EventCountry "AUS"]
[SourceTitle "CBM 135 Extra"]
[Source "ChessBase"]
[SourceDate "2010.05.04"]
[SourceVersion "1"]
[SourceVersionDate "2010.05.04"]
[SourceQuality "1"]

1. e4 g6 2. d4 Bg7 3. Nc3 d6 4. Be3 a6 5. Qd2 b5 6. 0-0-0 Bb7 7. f3 Nd7 8. h4 h5 9. Nh3 Ngf6 10. Ng5 e5 11. a3 Qe7 12. d5 0-0 13. Kb1 Rfc8 14. Na2 Nf8 15. c4 bxc4 16. Bxc4 N6d7 17. Nb4 Nb6 18. Ba2 f6 19. Nc6 Qe8 20. Na5 Rab8 21. Ne6 Nxe6 22. dxe6 Kh7 23. Bxb6 cxb6 24. Nc4 Bf8 25. Nxd6 Bxd6 26. Qxd6 Rd8 27. Qc7+ Kh6 28. Rxd8 Qxd8 29. Qc1+ Kg7 30. Rd1 1-0

[Event "London Classic op"]
[Site "London"]
[Date "2009.12.08"]
[Round "1"]
[White "Shaw, Robin A"]
[Black "Stephan, Axel"]
[Result "0-1"]
[WhiteElo "1822"]
[BlackElo "2225"]
[PlyCount "84"]
[EventDate "2009.12.08"]
[EventType "swiss"]
[EventRounds "9"]
[EventCountry "ENG"]
[SourceTitle "CBM 133 Extra"]
[Source "ChessBase"]
[SourceDate "2010.01.05"]
[SourceVersion "1"]
[SourceVersionDate "2010.01.05"]
[SourceQuality "1"]

1. e4 c5 2. d4 cxd4 3. c3 d5 4. exd5 Qxd5 5. Nf3 Nc6 6. cxd4 e5 7. Nc3 Bb4 8. Nxe5 Nxd4 9. Bb5+ Qxb5 10. Qxd4 Ne7 11. Bd2 Bxc3 12. Bxc3 Be6 13. a4 Qa6 14. Rd1 Rc8 15. a5 Qb5 16. f4 Nd5 17. g3 Nxc3 18. bxc3 Qxa5 19. 0-0 f6 20. Rfe1 0-0 21. Ng6 hxg6 22. Rxe6 Rfd8 23. Rd6 Rxd6 24. Qxd6 Qc5+ 25. Qd4 Qxd4+ 26. cxd4 Kf7 27. Kg2 Ke7 28. Rb1 Rc7 29. Kf3 Kd6 30. Ke4 Re7+ 31. Kd3 b6 32. Rb5 Kc6 33. Rb3 b5 34. d5+ Kc5 35. h4 Rd7 36. Ke4 f5+ 37. Kf3 b4 38. g4 a5 39. h5 fxg4+ 40. Kxg4 gxh5+ 41. Kxh5 Rxd5+ 42. Kg6 Rd7 0-1